| 000 | 00970nms a22002537a 4500 | ||
|---|---|---|---|
| 003 | NALT | ||
| 005 | 20250814141029.0 | ||
| 006 | a|||||o|||| 00| 0 | ||
| 007 | c| aa aaaaaaaa | ||
| 008 | 210205b th |||p| |||| 00| 0 tha d | ||
| 040 | _aNALT | ||
| 041 | _atha | ||
| 245 | 0 | 0 | _aรัฐศาสตร์และรัฐประศาสนศาสตร์ มหาวิทยาลัยขอนแก่น |
| 246 | 3 | 1 | _aPolitical Science and Public Administration Khon Kaen University |
| 260 | _aมหาวิทยาลัยขอนแก่น | ||
| 310 | _aรายหกเดือน | ||
| 500 | _aวารสารอิเล็กทรือนิกส์ | ||
| 650 | _2รัฐศาสตร์ | ||
| 650 | 0 |
_926131 _aรัฐประศาสนศาสตร์ |
|
| 850 | _aNALT | ||
| 856 | _uhttps://so05.tci-thaijo.org/index.php/PSPAJ-KKU/issue/archive | ||
| 942 | _cEJN | ||
| 996 |
_ajintana.i _bSERSTF _c2025-08-14 |
||
| 999 |
_c97989 _d97989 |
||
| 998 |
_j755 _k นางจินตนา เอี่ยมคง |
||